Catálogo

Mila 18 / (Registro nro. 29232)

Detalles MARC
000 -LEADER
fixed length control field 01249cam a2200373 i 4500
001 - CONTROL NUMBER
control field 29232
003 - CONTROL NUMBER IDENTIFIER
control field Mx-PuUPA
005 - DATE AND TIME OF LATEST TRANSACTION
control field 20250811092802.0
008 - FIXED-LENGTH DATA ELEMENTS--GENERAL INFORMATION
fixed length control field 140415s1965 sp gr 000 f spa d
017 ## - COPYRIGHT OR LEGAL DEPOSIT NUMBER
Copyright or legal deposit number B 35611-1965
040 ## - CATALOGING SOURCE
Transcribing agency Mx-PuUPA
Original cataloging agency Mx-PuUPA
Language of cataloging spa
Modifying agency Mx-PuUPA
Description conventions rda
041 1# - LANGUAGE CODE
Language code of text/sound track or separate title spa
Language code of original eng
043 ## - GEOGRAPHIC AREA CODE
Geographic area code e-pl---
100 1# - MAIN ENTRY--PERSONAL NAME
Personal name Uris, Leon,
Dates associated with a name 1924-2003
9 (RLIN) 17336
Relator term autor
240 10 - UNIFORM TITLE
Uniform title Mila 18.
Language of a work Español
245 10 - TITLE STATEMENT
Title Mila 18 /
Statement of responsibility, etc. Leon Uris ; traducción al español de Baldomero Porta
250 ## - EDITION STATEMENT
Edition statement 7a. edición /
Remainder of edition statement diciembre
264 #1 - PRODUCTION, PUBLICATION, DISTRIBUTION, MANUFACTURE, AND COPYRIGHT NOTICE
Place of production, publication, distribution, manufacture Barcelona, España :
Name of producer, publisher, distributor, manufacturer Editorial Bruguera,
Date of production, publication, distribution, manufacture, or copyright notice 1965
-- ©1961
300 ## - PHYSICAL DESCRIPTION
Extent 558 páginas ;
Dimensions 22 cm
336 ## - CONTENT TYPE
Fuente rdacontent
Content type term texto
Content type code txt
337 ## - MEDIA TYPE
Source rdamedia
Media type term sin medio
Media type code n
338 ## - CARRIER TYPE
Source rdacarrier
Carrier type term volumen
Carrier type code nc
490 0# - SERIES STATEMENT
Series statement Joyas literarias
490 0# - SERIES STATEMENT
Series statement Los maestros de hoy
650 #7 - SUBJECT ADDED ENTRY--TOPICAL TERM
Source of heading or term armarc
Topical term or geographic name entry element Crimen y suspenso
Form subdivision Novela
651 #4 - SUBJECT ADDED ENTRY--GEOGRAPHIC NAME
Geographic name Varsovia (Polonia)
General subdivision Historia
-- Levantamiento del Gueto de Varsovia
Chronological subdivision 1943
Form subdivision Novela
655 #4 - INDEX TERM--GENRE/FORM
Genre/form data or focus term Novela
700 1# - ADDED ENTRY--PERSONAL NAME
Personal name Porta, Baldomero,
Relator term traductor
765 0# - ORIGINAL LANGUAGE ENTRY
Main entry heading Uris, Leon
Place, publisher, and date of publication ©1961
Title Mila 18
942 ## - ADDED ENTRY ELEMENTS (KOHA)
Source of classification or shelving scheme Dewey Decimal Classification
Koha item type Libro
Classification part 813.54
Item part U7618
Existencias
Withdrawn status Lost status Source of classification or shelving scheme Damaged status Not for loan Collection code Home library Current library Shelving location Date acquired Source of acquisition Cost, normal purchase price Total Checkouts Full call number Barcode Date last seen Cost, replacement price Price effective from Koha item type
    Dewey Decimal Classification     General Biblioteca Karol Wojtyla Biblioteca Karol Wojtyla Sala general 03/12/2013 Donación 0.00   813.54 U7618 1965 62165 05/01/2026 0.00 03/12/2013 Libro